EVIDENCE BASED MANAGEMENT OF CANCER IN INDIA: CLINICAL GENOMIC IN HEMATO ONCOLOGY PART-A (Record no. 21382)

MARC details
000 -LEADER
fixed length control field 00414nam a22001577a 4500
003 - CONTROL NUMBER IDENTIFIER
control field SGT
020 ## - INTERNATIONAL STANDARD BOOK NUMBER
International Standard Book Number 9789382963202
082 ## - DEWEY DECIMAL CLASSIFICATION NUMBER
Classification number 616.992
Item number E19S
100 ## - MAIN ENTRY--PERSONAL NAME
Personal name SUBRAMANIAM, P.G.
245 ## - TITLE STATEMENT
Title EVIDENCE BASED MANAGEMENT OF CANCER IN INDIA: CLINICAL GENOMIC IN HEMATO ONCOLOGY PART-A
250 ## - EDITION STATEMENT
Edition statement 1ST
260 ## - PUBLICATION, DISTRIBUTION, ETC. (IMPRINT)
Place of publication, distribution, etc INDIA
Name of publisher, distributor, etc TATA MEMORIAL HOSPITAL
Year of Publication 2019
300 ## - PAGE DESCRIPTION
No. of Pages 123
650 ## - SUBJECT ADDED ENTRY--TOPICAL TERM
Topical term or geographic name as entry element MEDICINE
942 ## - ADDED ENTRY ELEMENTS (KOHA)
Source of classification or shelving scheme Dewey Decimal Classification
Koha item type Books
Holdings
Withdrawn status Lost status Source of classification or shelving scheme Damaged status Not for loan Collection code Home library Current library Shelving location Date acquired Volume Information (Serial or Books or Non-Book Material) SGTU Total Checkouts Full call number Accession No. (Barcode) Date last seen Bill Date Koha item type
    Dewey Decimal Classification   Not For Loan MEDICAL SGT Medical Library SGT Medical Library Reference Book 04/06/2021 VOLUME-XVI-A SGTU   616.992 E19S FM12476 04/06/2021 04/06/2021 Books